1319-鴨川市(千葉県)の駅 - Statistics

General Stats
  • This quiz has been taken 8 times
  • The average score is 4 of 5
Answer Stats
Answer % Correct
安房鴨川
100%
安房小湊
88%
安房天津
88%
太海
75%
江見
50%
No matching quizzes found
Score Distribution
Percent of People with Each Score
Percentile by Number Answered
Your Score History
You have not taken this quiz